2023/24 Chelsea 4-4 Manchester City XI's - Statistics

General Stats
  • This quiz has been taken 13 times
  • The average score is 16 of 22
Answer Stats
Hint Player % Correct
20 Cole Palmer
100%
9 Erling Haaland
100%
20 Bernardo Silva
92%
31 Ederson
92%
8 Enzo Fernandez
92%
3 Marc Cucurella
92%
16 Rodri
92%
6 Thiago Silva
92%
47 Fhil Foden
85%
2 Kyle Walker
85%
25 Moises Caicedo
77%
1 Robert Sanchez
77%
11 Jeremy Doku
69%
7 Raheem Sterling
69%
24 Reece James
69%
3 Ruben Dias
69%
24 Josko Gvardiol
62%
25 Manuel Akanji
62%
2 Axel Disasi
46%
15 Nicolas Jackson
46%
23 Conor Gallagher
38%
19 Julian Alvarez
38%
No matching quizzes found
Score Distribution
Percent of People with Each Score
Percentile by Number Answered
Your Score History
You have not taken this quiz